| 000 | 00000nam##2200000za#4500 |
| 001 | 9.608385 |
| 003 | CaOODSP |
| 005 | 20240612102655 |
| 007 | cr ||||||||||| |
| 008 | 150406|2015||||xxc|||||o f|0| 0 fre|d |
| 040 | |aCaOODSP|bfre |
| 043 | |an-cn--- |
| 086 | 1 |aRv55-5/8-2-25-2015F-PDF |
| 110 | 2 |aAgence des services frontaliers du Canada. |
| 245 | 10|aBateaux canadiens réparés ou modifiés aux États-Unis, au Mexique, au Chili, en Israël ou dans un autre pays bénéficiaire de l'ALÉCI, en Colombie, au Costa Rica, au Pérou, en Jordanie, au Panama, en Islande, au Liechtenstein, en Suisse ou en Norvège |h[ressource électronique] |
| 260 | |aOttawa - Ontario : |bAgence des services frontaliers du Canada |
| 300 | |a4p.|bréférences |
| 490 | 1 |aMémorandums D des douanes. D8, Remises et importation temporaire |vD8-2-25, le 20 mars 2015 |
| 500 | |a«Ceci annule le mémorandum D D8-2-25 daté le 29 juin 1998» |
| 590 | |a15-13|b2015-03-27 |
| 775 | 08|tCanadian vessels repaired or altered in the United States, Mexico, Israel or another CIFTA beneficiary, Colombia, Costa Rica, Peru, Jordan, Panama, Iceland, Liechtenstein, Switzerland or Norway |w(CaOODSP)9.581613 |
| 830 | #0|aMémorandums D des douanes. D8, Remises et importation temporaire ;|vD8-2-25, le 20 mars 2015|w(CaOODSP)9.816826 |
| 856 | 40|ahttp://publications.gc.ca|qPDF|s70 Ko|uhttps://publications.gc.ca/collections/collection_2015/asfc-cbsa/Rv55-5-8-2-25-2015-fra.pdf|yD8-2-25, le 20 mars 2015 |